"Earned It" Lyrics - Statistics

General Stats
  • This quiz has been taken 67 times
  • The average score is 31 of 47
Answer Stats
Beginning of Line Missing Word End of Line % Correct
You make it look like it's magic
97%
'Cause I see nobody, nobody, but you you you
93%
I'm so used to being used
87%
I'ma care for you you you
83%
So I'ma care for you, you you
83%
'Cause girl you're perfect
82%
'Cause girl you earned it
78%
Girl you earned it
78%
Hey hey
78%
The way you work it
78%
Always worth it
77%
And you deserve it
73%
So you don't pay it, don't pay it no mind
73%
You know our love would be tragic
72%
I'm never confused
68%
So I love, when you call unexpected
67%
'Cause girl you earned it
67%
The way you work it
67%
'Cause girl you're perfect
67%
I'ma care for you you you
65%
And you deserve it
65%
Girl you earned it
65%
So I'ma care for you, you you
65%
Hey hey
65%
Always worth it
65%
We live with no lies
62%
So I hate, when the moment's expected
60%
I'm so used to being used
58%
So I love, when you call unexpected
58%
And you deserve it
58%
So I'ma care for you, you you
58%
I'ma care for you you you
58%
It made us believe it was only us
58%
The way you work it
58%
Always worth it
58%
'Cause girl you earned it
57%
You're my favorite kind of night
57%
'Cause girl you're perfect
57%
Girl you earned it
55%
On that lonely night
53%
So I hate, when the moment's expected
53%
Yeah
52%
Convinced we were broken inside
50%
But we felt the rush
50%
You said it wouldn't be love
50%
Yeah
47%
Yeah
45%
No matching quizzes found
Score Distribution
Percent of People with Each Score
Percentile by Number Answered
Your Score History
You have not taken this quiz